000 00554nam a2200205Ia 4500
005 20230322110936.0
008 131103s9999 xx 000 0 und d
040 _aLoreto College
041 _aEnglish
082 _a891.441
_bRAH
100 _aRahaman, Samsur,ed.
245 _aDui Banglar bhalabasar kabita
_cedited by Samsur Rahaman and Sunil Ganguly
260 _aCalcuuta
_bModel Pub
_c1992
300 _a136p
650 _aBengali Literature
651 _aBengali Poetry
700 _aGanguly, Sunil, ed
850 _aLCLIB
942 _cBK
999 _c16703
_d67182